MARC

LEADER 00000nam0a2200000 4500
001 325151
005 20231102003733.0
035 |a (RuTPU)RU\TPU\book\350762 
090 |a 325151 
100 |a 20161129d1897 m y0rusy50 ca 
101 0 |a rus 
102 |a RU 
105 |a a j 001zy 
200 1 |a Краткий очерк римских древностей  |e учебное пособие  |e согласно с гимназическими учебными планами и правилами для испытаний (§ 69)  |f сост. Н. Санчурский при участии А. Гофман и др. 
210 |a Санкт-Петербург  |c Издание книжного магазина В. В. Думнова  |d 1897 
215 |a IX, 170 с.  |c ил. 
300 |a Текст в русской дореформенной орфографии 
316 |5 63413507: М-132008  |a Штамп-экслибрис И. Н. Бутакова, печатный эклибрис: "Склад конторских книг и магазин канцелярских принадлежностей Л. М. Цымерского в Иркутске". На корешке инициалы: "И. Н. Б." и "№ 68" 
317 |5 63413507: М-132008  |a Поступила в НТБ в 1970 г. в составе книжного собрания профессора ТПИ И. Н. Бутакова 
320 |a Указатель: с. 165-170 
320 |a Литература в [предисловии] 
320 |a Постраничные примечания 
516 1 |a Римские Древности 
606 1 |a Рим Древний  |x История  |2 stltpush  |3 (RuTPU)RU\TPU\subj\58965  |9 76639 
610 1 |a государственная власть 
610 1 |a государственное управление 
610 1 |a народ 
610 1 |a сословия 
610 1 |a религия 
610 1 |a военное дело 
610 1 |a правосудие 
610 1 |a финансы 
610 1 |a частная жизнь 
610 1 |a календари 
610 1 |a деньги 
610 1 |a праздники 
610 1 |a владельческие знаки 
610 1 |a экслибрисы 
610 1 |a библиотека И. Н. Бутакова 
686 |a Т3(0)323  |v LBC/SL-A  |2 rubbk 
702 1 |a Санчурский  |b Н.  |4 220 
702 1 |a Гофман  |b А.  |4 220 
702 1 |a Янко  |b М.  |4 220 
702 1 |a Барсов  |b П.  |4 220 
702 1 |a Диомидов  |b И.  |4 220 
702 1 |a Седлатый  |b И.  |4 220 
702 1 |a Кесслер  |b Э.  |4 220 
702 1 |a Марданов  |b В.  |4 220 
801 1 |a RU  |b 63413507  |c 20161129 
801 2 |a RU  |b 63413507  |c 20190722  |g RCR 
942 |c BK